00454nam a22001097a 4500008004100000082001600041100005100057245003600108260005800144300002500202650011700227190313b xxu||||| |||| 00| 0 eng d a707bAN557c aSøren Andreasen y Lars Bang Larsen (Editores) aThe Critical Mass of Mediation  aCopenhagen, DenmarkbInternationalistisk Idealec2014 a134 p.bill. c18 cm 2Arte ContemporáneovCuraduríaxArte - políticayArte - aspectos socialesyArte - estudio yArte - teoría